00778nam a2200193 a 450000100100000000500170001000800410002702000150006804000250008308200150010810000390012324501610016226000340032330000210035770000390037870000370041795201130045499900170056700004394320201002045046.0140509s1977 sp 000 0 spa d a8472228053 aDO-SdBNPbspacBNPHU axxxxbxxxx1 aCisquella, Georgina,d1954-97187910aDiez años de represión cultural :bla censura de libros durante la ley de Prensa (1966-76) /cGeorgina Cisquella, José Luis Erviti, José A. Sorolla. aBarcelona :bAnagrama,c1977. a177 p. ;c21 cm.12aErviti, José Luis,d1948-97188012aSorolla, José A.d1950-971881 001050718MOaGRbGRcCTd2014-05-09iLF1l0oxxxx xxxxp43943-10r2020-06-25w2020-06-25y1ZNo se presta c43432d43432